| 000 | 01456cam a22001814a 4500 | ||
|---|---|---|---|
| 005 | 20250605164403.0 | ||
| 008 | 250528s ||||||||||||||||||||||||d | ||
| 035 | _a24677 | ||
| 040 |
_aGR-AtMCL _bgre _dGR-AtMCL _eAACR2 |
||
| 245 | 1 | _aΠροοπτικές της Ελληνικής Οικονομίας για το 2020 / Βραβεία ΕΒΕΑ - ACCI Awards | |
| 260 |
_bΕμπορικό Και Βιομηχανικό Επιμελητήριο Αθηνών, _c2020 |
||
| 300 | _a64 | ||
| 520 | _aΜνημόνιο Συνεργασίας Θ.Ε.Α. και Ελληνο-Αμερικάνικου Εμπορικού Επιμελητηρίου, Θέματική Ημέρα Πληροφόρησης Επιχειρηματιών για Καλλυντικά και Φάρμακα σε Ιράκ και Αίγυπτο και Σ., Επαγγελματική Εκπαίδευση και Επιμελητήρια, Στοίχημα η Υπερ-ανάπτυξη, Ανεβάζει Ταχύτητα το Ε.Σ.Π.Α. το 2020, Προοπτικές στην Αγορά της Ενέργειας, Θετικοί Οιωνοί για την Πορεία των Ελληνικών Εξαγωγών, Τα Μεγάλα Έργα του 2020, Αυξημένοι Έλεγχοι και Πρόστιμα στη Μάχη κατά του Παρεμπορίου. | ||
| 700 | 1 |
_aΜίχαλος Κωνσταντίνος _94319 |
|
| 942 | _cCR | ||
| 999 |
_c9544 _d9544 |
||